logo

Bir Sreshtho Munshi Abdur Rouf Library
Jhenaidah Cadet College

মুক্তি সংগ্রাম / (Record no. 4690)

MARC details
000 -LEADER
fixed length control field 00657nam a2200205 a 4500
001 - CONTROL NUMBER
JCCL Control Number 4690
003 - CONTROL NUMBER IDENTIFIER
JCCL marc code BD-JhCC
005 - DATE AND TIME OF LATEST TRANSACTION
control field 20171129193642.0
008 - FIXED-LENGTH DATA ELEMENTS--GENERAL INFORMATION
fixed length control field 170930s1972 bg |||| |||| 000 0 ben d
035 ## - SYSTEM CONTROL NUMBER
system control number (BD-JhCC)4690
040 ## - CATALOGING SOURCE
Original cataloging agency BD-JhCC
Modifying agency BD-JhCC
041 ## - LANGUAGE CODE
Language code of Book ben
082 ## - DEWEY DECIMAL CLASSIFICATION NUMBER
Classification number 954.9205
Author mark and Year IBR 1972
100 ## - MAIN ENTRY--PERSONAL NAME
Personal name হক, আবুল কাসেম ফজলুল
245 ## - TITLE STATEMENT
Title মুক্তি সংগ্রাম /
Statement of responsibility, etc আবুল কাসেম ফজলুল হক
260 ## - PUBLICATION, DISTRIBUTION, ETC. (IMPRINT)
Place of publication, distribution, etc ঢাকা :
Name of publisher, distributor, etc আহমদ পাবলিশিং;
Date of publication, distribution, etc ১৯৭২
300 ## - PHYSICAL DESCRIPTION
Pagination 439 p. :
Dimensions 22 cm.
650 ## - SUBJECT ADDED ENTRY--TOPICAL TERM
Topical term or geographic name as entry element Liberation War
Geographic subdivision Bangladesh
942 ## - ADDED ENTRY ELEMENTS (KOHA)
Source of classification or shelving scheme Dewey Decimal Classification
Koha item type Books
Holdings
Source of classification or shelving scheme volume number Damaged status Not for loan Home library Current library Shelving location Date of accession Cost, normal purchase price Total Checkouts Full call number Barcode Date last seen Copy number Koha item type
Dewey Decimal Classification V-1     JCC Rouf Library JCC Rouf Library General Stacks 11/29/2017 15.00   954.9205 IBR 1972 6665 11/29/2017 C-1 Books
Dewey Decimal Classification V-1     JCC Rouf Library JCC Rouf Library General Stacks 11/29/2017 25.00   954.9205 IBR 1972 6667 11/29/2017 C-2 Books

JCC Library | Contacts | JCC Home

Last Update on 23 September 2017
Copyright @ 2017-2020 JCC Rouf Library
Rouf Library, Jhenidah Cadet College (JCC), Bangladesh